<?xml version="1.0" encoding="UTF-8"?>
<record
    xmlns:xsi="http://www.w3.org/2001/XMLSchema-instance"
    xsi:schemaLocation="http://www.loc.gov/MARC21/slim http://www.loc.gov/standards/marcxml/schema/MARC21slim.xsd"
    xmlns="http://www.loc.gov/MARC21/slim">

  <leader>00753nam a2200205 a 4500</leader>
  <controlfield tag="001">1970</controlfield>
  <controlfield tag="003">CDMR</controlfield>
  <controlfield tag="005">20151016134802.0</controlfield>
  <controlfield tag="008">130130s1970||||||||||||||||||||||||||||d</controlfield>
  <datafield tag="040" ind1=" " ind2=" ">
    <subfield code="a">CDMR</subfield>
    <subfield code="b">cat</subfield>
    <subfield code="c">CDMR</subfield>
  </datafield>
  <datafield tag="111" ind1="2" ind2=" ">
    <subfield code="a">Curso de Periodismo de la Universidad Men&#xE9;ndez Pelayo</subfield>
    <subfield code="c">Santander</subfield>
    <subfield code="d">1970</subfield>
    <subfield code="n">24&#xBA;</subfield>
    <subfield code="9">1463</subfield>
  </datafield>
  <datafield tag="245" ind1="1" ind2="3">
    <subfield code="a">La cr&#xED;tica literaria y teatral</subfield>
    <subfield code="b">; el comentario pol&#xED;tico : XXIV Curso de perfeccionamiento y especializaci&#xF3;n para periodistas titulados</subfield>
  </datafield>
  <datafield tag="260" ind1=" " ind2=" ">
    <subfield code="c">1970</subfield>
    <subfield code="b">Escuela Oficial de Periodismo</subfield>
    <subfield code="a">Madrid</subfield>
  </datafield>
  <datafield tag="300" ind1=" " ind2=" ">
    <subfield code="a">75 p ;</subfield>
    <subfield code="c">31 cm</subfield>
  </datafield>
  <datafield tag="500" ind1=" " ind2=" ">
    <subfield code="a">Exemplar fotocopiat</subfield>
  </datafield>
  <datafield tag="650" ind1="0" ind2="4">
    <subfield code="9">3163</subfield>
    <subfield code="a">Premsa pol&#xED;tica</subfield>
  </datafield>
  <datafield tag="650" ind1="0" ind2="4">
    <subfield code="9">3416</subfield>
    <subfield code="a">Cr&#xED;tica liter&#xE0;ria</subfield>
  </datafield>
  <datafield tag="710" ind1="2" ind2=" ">
    <subfield code="9">4393</subfield>
    <subfield code="a">Universidad Internacional Men&#xE9;ndez Pelayo</subfield>
  </datafield>
  <datafield tag="942" ind1=" " ind2=" ">
    <subfield code="c">PON</subfield>
    <subfield code="2">udc</subfield>
  </datafield>
  <datafield tag="999" ind1=" " ind2=" ">
    <subfield code="c">1970</subfield>
    <subfield code="d">1970</subfield>
  </datafield>
  <datafield tag="952" ind1=" " ind2=" ">
    <subfield code="0">0</subfield>
    <subfield code="1">0</subfield>
    <subfield code="4">0</subfield>
    <subfield code="7">0</subfield>
    <subfield code="a">CDMR</subfield>
    <subfield code="b">CDMR</subfield>
    <subfield code="d">2013-01-16</subfield>
    <subfield code="l">0</subfield>
    <subfield code="o">Dk 10/5</subfield>
    <subfield code="p">CDMR13096898</subfield>
    <subfield code="r">2013-09-25</subfield>
    <subfield code="w">2013-09-25</subfield>
    <subfield code="y">PON</subfield>
  </datafield>
</record>
